ARRUPE JESUIT UNIVERSITY

CORONAVIRUS -STOP THE SPREAD - CLEAN,DISINFECT,COVER
Normal view MARC view

Entry Personal Name

Number of records used in: 2

001 - CONTROL NUMBER

  • control field: 46025

003 - CONTROL NUMBER IDENTIFIER

  • control field: ARRUPE

005 - DATE AND TIME OF LATEST TRANSACTION

  • control field: 20190426101422.0

008 - FIXED-LENGTH DATA ELEMENTS

  • fixed length control field: 190426|| aca||aabn | a|a d

040 ## - CATALOGING SOURCE

  • Original cataloging agency: ARRUPE
  • Transcribing agency: ARRUPE

100 ## - HEADING--PERSONAL NAME

  • Personal name: Oliveira, Rosario

670 ## - SOURCE DATA FOUND

  • Source citation: Work cat.: (ARRUPE): Oliveira, Rosario, Error about a quality of the person Can.1097.2 and its application in the recent rotal jurisprudence and patriarchical tribunal of Goa and Daman, 2009.

 

Arrupe Library. PO Box MP320 Mt Pleasant, Harare, Zimbabwe
263 242 745411|librarian@aju.ac.zw